000 00517nam a22001577a 4500
999 _c534967
_d534967
020 _qHard Cover.
082 _a624.1
100 _aMuhammad Umair Majeed
245 _aEffect of silica fume and fly ash on self compacting mortars /
_cMuhammad Umair Majeed.
260 _aIslamabad:
_bNIT NUST,
_c2012.
300 _a54 p. :
_bill. ;
_c30cm.
942 _2ddc
_cTHE
650 _aStructural Engineering MS-Thesis.
_917039
700 _aDr. Syed Ali Rizwan
_927327